| 000 | 00664nam a22002297a 4500 | ||
|---|---|---|---|
| 005 | 20170124110214.0 | ||
| 010 | _aA-709853 | ||
| 020 | _c60.00 | ||
| 035 | _aA-709853 | ||
| 037 | _bCen Lib/Ret | ||
| 040 |
_aDPL _bEN |
||
| 082 |
_a954.0841 _bROY |
||
| 100 |
_aRoy, Santimoy _938771 |
||
| 245 |
_aResponse of Armed Forces freedom struggle of India / _cby Santimoy Roy |
||
| 260 |
_bSuprakashani _aCalcutta _c1984 |
||
| 270 |
_bCalcutta _a8B, College _e700009 |
||
| 300 |
_av, 252p. _c23cm(Hb) |
||
| 500 | _aIncludes index | ||
| 650 |
_aIndia. -- Army _914955 |
||
| 650 |
_aIndia -- Armed Forces _938772 |
||
| 942 |
_2ddc _cEN _h954.0841 _mROY |
||
| 999 |
_c133733 _d133733 |
||